Normal view MARC view

Entry Meeting Name

Number of records used in: 1

001 - CONTROL NUMBER

  • control field: 23625

003 - CONTROL NUMBER IDENTIFIER

  • control field: OSt

005 - DATE AND TIME OF LATEST TRANSACTION

  • control field: 20211105134759.0

008 - FIXED-LENGTH DATA ELEMENTS

  • fixed length control field: 211105|| aca||aabn | a|a d

040 ## - CATALOGING SOURCE

  • Original cataloging agency: OSt
  • Transcribing agency: OSt

111 ## - HEADING--MEETING NAME

  • Meeting name or jurisdiction name as entry element: NATO ASI on Gravitation in Astrophysics
  • Location of meeting: Cargese, France
  • Date of meeting or treaty signing: 1986 July 15-31

670 ## - SOURCE DATA FOUND

  • Source citation: Work cat.: (OSt): NATO ASI on Gravitation in Astrophysics Cargese, France 1986 July 15-31, Gravitation in astrophysics, 1987

Powered by Koha